Zdravotná výchova najmenších /

Hlavní autor: Bečka, Karel
Další autoři: Lukáčová, Alena
Jazyk: Slovenština
Vydáno: Bratislava : Ústav zdravot. výchovy, 1967
Vydání: 1. vyd.
Edice: Metodické príručky
Témata:
Fyzický popis: 35 s. : il. ; 8°
Knihy
Uloženo v:
LEADER 01152nam a22003492a 4500
001 001631460
003 CZ BrMZK
005 20180720115806.0
007 ta
008 180529s1967 xo erf||||||||||slo d
040 |a BOA001  |b cze  |e aacr2 
041 1 |a slo  |h cze 
072 7 |a 613  |x Hygiena. Lidské zdraví  |2 Konspekt  |9 14 
080 |a 613:37.03  |2 MRF 
080 |a 316.346.32-053.4  |2 MRF 
080 |a (035)  |2 MRF 
100 1 |a Bečka, Karel  |7 jk01011289  |4 aut 
245 1 0 |a Zdravotná výchova najmenších /  |c Karel Bečka ; prel. A. Lukáčová 
250 |a 1. vyd. 
260 |a Bratislava :  |b Ústav zdravot. výchovy,  |c 1967 
300 |a 35 s. :  |b il. ;  |c 8° 
490 1 |a Metodické príručky ;  |v zv. 28 
500 |a Přeloženo z češtiny 
650 0 7 |a výchova ke zdraví  |7 ph127426  |2 czenas 
650 0 7 |a děti předškolního věku  |7 ph119710  |2 czenas 
655 7 |a příručky  |7 fd133209  |2 czenas 
700 1 |a Lukáčová, Alena  |4 trl 
830 0 |a Metodické príručky 
910 |a BOA001  |b X-0579.588 
990 |a BK 
991 |b 201805 
996 7 |b 2618935789  |c X-0579.588  |l MZK  |r Sklad / do 24 hodin  |n 0  |w 001667129  |u 000010  |a 1  |e BOA001  |j MZK50  |s A